| 000 | 00883nam a2200253 i 4500 | ||
|---|---|---|---|
| 001 | 107921 | ||
| 003 | ES-MaACL | ||
| 005 | 20250829080456.0 | ||
| 007 | t| | ||
| 008 | 061227s1969 sp ||||1| spa d | ||
| 080 | _a82-311-3"18" | ||
| 100 | 0 |
_aStevenson, Robert Louis, _d1850-1894 _9108169 |
|
| 245 | 1 | 3 |
_aLa isla del tesoro / _cRobert Louis Stevenson ; prólogo de Jesús Fernández Santos; traducción de Nicanor Ancochea. |
| 260 |
_aMadrid : _bSalvat, _c1969. |
||
| 300 |
_a188 p., 1 h. ; _c19 cm. |
||
| 490 | 1 |
_aBiblioteca básica Salvat de Libros RTV ; _v27 |
|
| 655 | 0 |
_9234459 _aNovelas de acción y aventuras |
|
| 700 | 1 |
_aFernández Santos, Jesús. _950079 |
|
| 700 | 1 |
_aAncochea, Nicanor. _921411 |
|
| 830 | 0 | 0 |
_aBiblioteca básica Salvat de libros RTV _v27 _9185398 |
| 852 |
_aES-MaACL _jE-2948 _bR.69765 |
||
| 942 | _2udc | ||
| 999 |
_c107921 _d107921 |
||